Príprava a vlastnosti konjugátov berberínu
Na minha lista:
| Autor principal: | |
|---|---|
| Outros Autores: | |
| Formato: | Manuscrito Livro |
| Idioma: | eslovaco |
| Publicado em: |
2016
|
| Assuntos: | |
| Acesso em linha: | http://is.stuba.sk/zp/portal_zp.pl?podrobnosti=131898 |
| Tags: |
Sem tags, seja o primeiro a adicionar uma tag!
|
MARC
| LEADER | 00000ntm a22000003a 4500 | ||
|---|---|---|---|
| 001 | stuzp58541 | ||
| 003 | SK-STU | ||
| 005 | 20160719155609.6 | ||
| 007 | ta | ||
| 008 | 150427s2015----xo-----f-mn---000-0-slo-d | ||
| 040 | |a STU |b slo | ||
| 041 | 0 | |a slo | |
| 100 | 1 | |a Holúbková, Eva |u 048140 |4 aut |U FCHPT Ústav organickej chémie, katalýzy a petrochémie |T FCHPT Oddelenie organickej chémie |X 42516 |U C8140 |Y 124 |7 42516 | |
| 242 | 0 | 1 | |a Preparation and behavior of berberine conjugates |y eng |
| 245 | 1 | 0 | |a Príprava a vlastnosti konjugátov berberínu |
| 260 | |c 2016 | ||
| 650 | 4 | |a berberín |2 slo | |
| 650 | 4 | |a prírodné liečivo |2 slo | |
| 650 | 4 | |a alkaloid |2 slo | |
| 650 | 4 | |a širokospektrálne liečivo |2 slo | |
| 650 | 4 | |a berberine |2 eng | |
| 650 | 4 | |a alkaloid |2 eng | |
| 650 | 4 | |a broad-spectrum drug |2 eng | |
| 650 | 4 | |a natrural drug |2 eng | |
| 700 | 1 | |a Milata, Viktor |u 048140 |k Z1 |4 ths |U FCHPT Ústav organickej chémie, katalýzy a petrochémie |T FCHPT Oddelenie organickej chémie |X 3353 |U C8140 |Y 124 |7 A000003353 | |
| 856 | 4 | |u http://is.stuba.sk/zp/portal_zp.pl?podrobnosti=131898 | |
| SQL | |a stuzp58541 |b DDP |c SLO |d Príprava a vlastnosti konjugátov berberínu |e 42516 |f Holúbková, Eva |g 048140 |h 3353 |i Milata, Viktor |j 20160607 |k 1400 |l 04 |m http://is.stuba.sk/zp/portal_zp.pl?podrobnosti=131898 |n I-TCHEM |o 4.1.14. chémia, 5.2.18. chemické technológie | ||